000 00778nam a22002777a 4500
003 OSt
005 20150520085540.0
008 130215t xxu||||| |||| 00| 0 eng d
020 _a9716857276
050 _aLB 2369
_b.P67 2011
100 _aPosecion, Ofelia T.
245 _a Language Research: Principles and Application /
_cPosecion, Ofelia T., Mildred B. Go, Heidi P. Albano.
260 _aQuezon City :
_bLorimar Publishing,
_c2011.
300 _avii, 141 pages ;
_c25.5 cm
500 _aIncludes bibliographical references.
562 _e5
650 _aLanguage.
700 _aGo, Mildred B.
700 _aAlbano, Heidi P.
942 _2lcc
_cBK
_kLOC
999 _c284026
_d284026